000 00675nam a2200253Ia 4500
005 20260121155053.0
008 008 260114s9999 xx 000 0 eng d
020 _a9781003123750
037 _aEBOOK
040 _aCRL
040 _beng
040 _cCRL
041 _2eng
041 _aeng
084 _qCRL
100 _a Caitlin Hamilton; Laura J. Shepherd; Anuradha Mundkur
_91015000
245 0 _aCivil Society, Care Labour, and the Women, Peace and Security Agenda
260 _bTaylor and Francis
260 _c2021
856 _uhttp://www.taylorfrancis.com/books/9781003123750
942 _cEBOOK
999 _c1581819
_d1581819